000
00314 a2200157 4500
001
178576
020
_a
040
_c
Magnum
100
_a
Paciornik,celso Mauro
240
1
0
_a
A arvore
_l
por
245
1
0
_a
A arvore
362
0
_a
1899
440
1
_a
Melhoramentos
697
_a
MAGNITO: BOTANICA
942
_c
BK
999
_c
178576
_d
178576